Numancia, espíritu de una raza. (Record no. 178393)

MARC details
000 -LEADER
campo de control de longitud fija 00759nam a2200193 i 4500
001 - NÚMERO DE CONTROL
campo de control 178393
003 - IDENTIFICADOR DE NÚMERO DE CONTROL
campo de control ES-MaACL
005 - FECHA Y HORA DE LA ÚLTIMA TRANSACCIÓN
campo de control 20250827100438.0
008 - DATOS DE LONGITUD FIJA--INFORMACIÓN GENERAL
campo de control de longitud fija 110526s1968 sp |||| | spa d
080 ## - NÚMERO DE LA CLASIFICACIÓN DECIMAL UNIVERSAL
Número de la Clasificación Decimal Universal 94(460)
245 00 - MENCIÓN DEL TÍTULO
Título Numancia, espíritu de una raza.
260 ## - PUBLICACIÓN, DISTRIBUCIÓN, ETC.
Lugar de publicación, distribución, etc. Madrid :
Nombre del editor, distribuidor, etc. Delblan,
Fecha de publicación, distribución, etc. [1968]
300 ## - DESCRIPCIÓN FÍSICA
Extensión 16 p. ;
Dimensiones 16 cm.
490 1# - MENCIÓN DE SERIE
Mención de serie Mosaico cultural: colección de temas instructivos ;
Designación de volumen o secuencia 9. Anécdotas de la historia de España ;
-- 2
651 #4 - PUNTO DE ACCESO ADICIONAL DE MATERIA--NOMBRE GEOGRÁFICO
Nombre geográfico Numancia (Ciudad desaparecida)-
Subdivisión general Historia.
9 (RLIN) 169923
830 10 - PUNTO DE ACCESO ADICIONAL DE SERIE-TÍTULO UNIFORME
Título uniforme Mosaico cultural: colección de temas instructivos
Designación de volumen o secuencia 9. Anécdotas de la historia de España ;
-- 2
9 (RLIN) 190806
852 ## - LOCALIZACIÓN
Ubicación ES-MaACL
Número de control de estantería E-15196 (2)
Encuadernación Olim P-1923
Nota libre - Enc. con otros títulos
Holdings
Estatus retirado Estado de pérdida Estado de daño No para préstamo Biblioteca de origen Biblioteca actual Ubicación en estantería Fecha de adquisición Fuente de adquisición Total de préstamos Signatura topográfica completa Código de barras Visto por última vez Precio de reemplazo Tipo de ítem Koha
        Biblioteca del Ateneo de Madrid Biblioteca del Ateneo de Madrid Depósito 2 26/05/2011     E-15196 (2) 1187390 23/02/2023 23/02/2023 Libro impreso